Datum a čas kvízu
43
Celkem bodů
Celkový počet nahraných bodů na tomto kvízu bez doplňovacích otázek.
1.
Pořadí na kvízu
Konečné umístění týmu na tomto kvízu.
Zaznamenané odpovědi
| # | Otázka | Odpověď | Body | Výsledky |
|---|---|---|---|---|
| 1. | Ministerstvo obrany opět nabíz... | řopík | 1 | |
| 2. | Po více než 80 letech se do je... | Pompeje | 1 | |
| 3. | Zříceninu jednoho českého hrad... | Trosky; Kingdom Come: Deliverance (2) | 1 | |
| 4. | Britská pobočka jednoho maloob... | Lidl | 1 | |
| 5. | Počátkem týdne řešila sportovn... | liliputáni (lidé s achondroplázií) | 1 | |
| 6. | Dávku černého humoru v sobě ma... | Joseph Fiennes | 0 | |
| 7. | „Tanec smrti“ je výtvarné téma... | danse macabre | 1 | |
| 8. | Pikové eso bývá nazýváno karto... | 2003 (bod připisujeme za odpovědi 2002 až 2004) | 1 | |
| 9. | Doplňte tři slova v názvu romá... | si říká Engelchen | 1 | |
| 10. | V haitském náboženství voodoo... | Baron Samedi | 1 |